| 000 | 004970000a22001930004500 | ||
|---|---|---|---|
| 001 | 002155 | ||
| 003 | MACL | ||
| 005 | 20150930160610.0 | ||
| 008 | 150930b xxu||||| |||| 00| 0 eng d | ||
| 040 |
_aMACL _cMACL |
||
| 041 | _aEnglish | ||
| 082 | _a900/MOH | ||
| 100 |
_aMohanty, Jatindra Mohan _912954 |
||
| 245 |
_aHistory of Oriya Literature _cJatindra Mohan Mohanty |
||
| 260 |
_aBhubaneswar _c2006 _bVidya Bhubaneswar, |
||
| 350 | _a300 | ||
| 650 |
_aHistory _912955 |
||
| 942 |
_k900 _cBK _2ddc |
||
| 999 |
_c14070 _d14070 |
||